| 000 | 01033cam a22002175a 4500 | ||
|---|---|---|---|
| 001 | L156713 | ||
| 008 | 120627m18061822xxk f 000 0 eng d | ||
| 035 | _a(Sirsi) u156713 | ||
| 041 | 0 | _aeng | |
| 100 | 1 |
_aLysons, Daniel _d1727-1800 |
|
| 245 | 0 | 0 |
_aMagna Britannia _bbeing a concise topographical account of the several counties of Great Britain _cby Daniel Lysons ..., and Samuel Lysons ... . |
| 260 |
_aLondon _bPrinted for T.Cadell and W.Davies ... _c1806.[-1822.] |
||
| 300 |
_a6 v. (in 9), plates _bill., maps _c30 cm. (4o) |
||
| 505 | 2 | _av.1. Bedfordshire. Berkshire. Buckinghamshire -- v.2. Cambridgeshire. The county palatine of Chester -- v.3. Cornwall -- v.4. Cumberland -- v.5. Derbyshire -- v.6. Devonshire | |
| 520 | _aDate of imprint varies: Vol.1: 1806; Vol. 2: 1808; Vol. 3: 1814; Vol. 4: 1816; Vol. 5: 1817; Vol. 6: 1822. | ||
| 583 |
_aCondition reviewed _c20120620 _lcondition level 1 (x9) |
||
| 651 | 4 |
_aGreat Britain _y1707- |
|
| 690 |
_aGeomatics _96242 |
||
| 700 | 1 |
_aLysons, Samuel _d1763-1819 |
|
| 942 | _n0 | ||
| 999 |
_c114381 _d114381 |
||